Statistics for Highest Wicket-Takers in Tests

Click here to take the quiz!

General Stats

  • This quiz has been taken 6 times
  • The average score is 14 of 20

Answer Stats

WicketsAnswer% Correct
619Anil Kumble
100%
563Glenn McGrath
100%
690James Anderson
100%
800Muttiah Muralitharan
100%
490Ravichandran Ashwin
100%
708Shane Warne
100%
417Harbhajan Singh
80%
509Nathan Lyon
80%
604Stuart Broad
80%
519Courtney Walsh
60%
405Curtly Ambrose
60%
439Dale Steyn
60%
383Ian Botham
60%
434Kapil Dev
60%
376Malcolm Marshall
60%
433Rangana Herath
60%
431Richard Hadlee
60%
390Makhaya Ntini
40%
421Shaun Pollock
40%
414Wasim Akram
40%

Score Distribution

Percentile by Number Answered

Percent of People with Each Score

Your Score History

You have not taken this quiz